[Event "Budapest-chT1 Lilienthal 1112"]
[Site "Budapest"]
[Date "2012.02.26"]
[Round "8"]
[White "Rozsa, Sandor"]
[Black "Por, Attila"]
[Result "0-1"]
[WhiteElo "1972"]
[BlackElo "2028"]
[PlyCount "76"]
[EventDate "2011.10.02"]
[EventType "team-tourn"]
[EventRounds "11"]
[EventCountry "HUN"]
[SourceTitle "EXT 2020"]
[Source "ChessBase"]
[SourceDate "2019.10.17"]
[SourceVersion "1"]
[SourceVersionDate "2019.10.17"]
[SourceQuality "1"]
[WhiteTeam "Budapest Honved III"]
[BlackTeam "Taban Spartacus II"]
[WhiteTeamCountry "HUN"]
[BlackTeamCountry "HUN"]

1. e4 c5 2. Nc3 e6 3. g3 d5 4. exd5 exd5 5. Bg2 Nf6 6. d3 Be7 7. Nge2 Nc6 8. Bg5 d4 9. Bxf6 Bxf6 10. Nd5 0-0 11. Nxf6+ Qxf6 12. Qd2 Bg4 13. 0-0 Rfe8 14. Nf4 Ne5 15. h3 Bf3 16. Rae1 Bxg2 17. Kxg2 g5 18. Rxe5 Rxe5 19. Nh5 Qc6+ 20. Kh2 Rae8 21. g4 R8e6 22. Ng3 Qf3 23. Ne4 f6 24. Qa5 Qf4+ 25. Kg1 h5 26. f3 Rxe4 27. dxe4 Qg3+ 28. Kh1 Qxh3+ 29. Kg1 Qg3+ 30. Kh1 Re8 31. Qxc5 hxg4 32. Qd5+ Kf8 33. Qxd4 Qh3+ 34. Kg1 Qg3+ 35. Kh1 Ke7 36. Qc5+ Kf7 37. Qd5+ Kf8 38. Qc5+ Kg7 0-1

[Event "Budapest-chT1 Lilienthal 1112"]
[Site "Budapest"]
[Date "2011.11.20"]
[Round "3"]
[White "Por, Attila"]
[Black "Vandor, Ferenc"]
[Result "1-0"]
[WhiteElo "2028"]
[BlackElo "1969"]
[PlyCount "47"]
[EventDate "2011.10.02"]
[EventType "team-tourn"]
[EventRounds "11"]
[EventCountry "HUN"]
[SourceTitle "EXT 2020"]
[Source "ChessBase"]
[SourceDate "2019.10.17"]
[SourceVersion "1"]
[SourceVersionDate "2019.10.17"]
[SourceQuality "1"]
[WhiteTeam "Taban Spartacus II"]
[BlackTeam "Penzugyor III"]
[WhiteTeamCountry "HUN"]
[BlackTeamCountry "HUN"]

1. e4 c5 2. Nf3 Nf6 3. Nc3 d5 4. exd5 Nxd5 5. d4 Nxc3 6. bxc3 cxd4 7. cxd4 g6 8. Bc4 Bg7 9. 0-0 0-0 10. Ba3 Re8 11. Re1 e6 12. Qd2 a6 13. Rad1 b5 14. Bb3 Ra7 15. Qf4 Nc6 16. d5 exd5 17. Bxd5 Rxe1+ 18. Rxe1 Ne5 19. Nxe5 Qxd5 20. Ng4 Qd8 21. Nf6+ Bxf6 22. Qxf6 Qxf6 23. Re8+ Kg7 24. Bf8+ 1-0

[Event "Budapest-chT1 Lilienthal 1112"]
[Site "Budapest"]
[Date "2011.10.16"]
[Round "2"]
[White "Por, Attila"]
[Black "Krizsany, Laszlo Sr"]
[Result "1-0"]
[WhiteElo "2028"]
[BlackElo "1938"]
[PlyCount "67"]
[EventDate "2011.10.02"]
[EventType "team-tourn"]
[EventRounds "11"]
[EventCountry "HUN"]
[SourceTitle "EXT 2020"]
[Source "ChessBase"]
[SourceDate "2019.10.17"]
[SourceVersion "1"]
[SourceVersionDate "2019.10.17"]
[SourceQuality "1"]
[WhiteTeam "Taban Spartacus II"]
[BlackTeam "REAC SISE"]
[WhiteTeamCountry "HUN"]
[BlackTeamCountry "HUN"]

1. e4 e6 2. d4 d5 3. exd5 exd5 4. Nf3 Nf6 5. c4 c6 6. Bd3 Bd6 7. 0-0 0-0 8. h3 dxc4 9. Bxc4 Bf5 10. Nc3 Nbd7 11. Bg5 Qc7 12. Re1 h6 13. Nh4 Bh7 14. Be3 a6 15. Rc1 Rac8 16. Qf3 Qa5 17. g4 g5 18. Nf5 Bxf5 19. gxf5 Bb8 20. Qg2 Qxf5 21. h4 Bf4 22. hxg5 hxg5 23. Bxf4 Qxf4 24. Ne2 Qg4 25. Ng3 Nd5 26. Re4 Nf4 27. f3 Qh4 28. Qh2 Qxh2+ 29. Kxh2 Nd5 30. Nf5 N7b6 31. Rg1 f6 32. Re7 Nxc4 33. Rg7+ Kh8 34. Kg3 1-0

[Event "Budapest-chT1 Lilienthal 1011"]
[Site "Budapest"]
[Date "2011.03.06"]
[Round "10"]
[White "Imre, Jozsef"]
[Black "Por, Attila"]
[Result "1-0"]
[WhiteElo "2093"]
[BlackElo "2030"]
[PlyCount "81"]
[EventDate "2010.09.19"]
[EventType "team-tourn"]
[EventRounds "11"]
[EventCountry "HUN"]
[SourceTitle "EXT 2020"]
[Source "ChessBase"]
[SourceDate "2019.10.17"]
[SourceVersion "1"]
[SourceVersionDate "2019.10.17"]
[SourceQuality "1"]
[WhiteTeam "Vizugy II"]
[BlackTeam "Taban Spartacus II"]
[WhiteTeamCountry "HUN"]
[BlackTeamCountry "HUN"]

1. e4 c5 2. Nf3 d6 3. d4 cxd4 4. Nxd4 Nf6 5. Nc3 g6 6. Bc4 Bg7 7. f3 0-0 8. Be3 Nc6 9. Qd2 Bd7 10. 0-0-0 Ne5 11. Bb3 Rc8 12. Kb1 b5 13. Ndxb5 Nc4 14. Bxc4 Rxc4 15. g4 Qa5 16. Nd4 Rb8 17. Nb3 Qc7 18. e5 dxe5 19. g5 Nh5 20. Qxd7 Rxc3 21. bxc3 Qxc3 22. Rd3 Qb4 23. Qxa7 Nf4 24. Bxf4 exf4 25. Rhd1 Be5 26. Rd8+ Rxd8 27. Rxd8+ Kg7 28. Qc5 Qe1+ 29. Nc1 Bd6 30. Qd4+ Be5 31. Qd2 Qg1 32. h4 Qb6+ 33. Nb3 Qa6 34. Rd5 f6 35. Qb4 Bd6 36. gxf6+ Kxf6 37. Qd4+ Kf7 38. Qd3 Qb6 39. a4 Qf2 40. h5 Qe1+ 41. Nc1 1-0

[Event "Budapest FS02 FM-A"]
[Site "Budapest"]
[Date "2002.02.14"]
[Round "13"]
[White "Por, Attila"]
[Black "Banhazi, Istvan"]
[Result "1-0"]
[WhiteElo "2077"]
[BlackElo "2084"]
[PlyCount "49"]
[EventDate "2002.02.02"]
[EventType "tourn"]
[EventRounds "13"]
[EventCountry "HUN"]
[SourceTitle "CBM 086 Extra"]
[Source "ChessBase"]
[SourceDate "2002.03.14"]
[SourceVersion "1"]
[SourceVersionDate "2002.03.14"]
[SourceQuality "1"]

1. e4 c5 2. Nf3 d6 3. d4 cxd4 4. Nxd4 Nf6 5. Nc3 a6 6. Bg5 e6 7. f4 Nc6 8. Nxc6 bxc6 9. Qd4 c5 10. Qe3 Qb6 11. Be2 Qb4 12. Rd1 Bb7 13. Bf3 c4 14. e5 Nd7 15. exd6 Bxf3 16. Qxf3 Rb8 17. 0-0 Bxd6 18. Kh1 Qb6 19. Rd2 Nc5 20. Rfd1 Bc7 21. f5 0-0 22. Be7 Rfe8 23. f6 g6 24. Qe3 Rxe7 25. Qh6 1-0

[Event "Budapest FS02 FM-A"]
[Site "Budapest"]
[Date "2002.02.13"]
[Round "12"]
[White "Ferenczi, Jozsef"]
[Black "Por, Attila"]
[Result "1/2-1/2"]
[WhiteElo "2057"]
[BlackElo "2077"]
[PlyCount "74"]
[EventDate "2002.02.02"]
[EventType "tourn"]
[EventRounds "13"]
[EventCountry "HUN"]
[SourceTitle "CBM 086 Extra"]
[Source "ChessBase"]
[SourceDate "2002.03.14"]
[SourceVersion "1"]
[SourceVersionDate "2002.03.14"]
[SourceQuality "1"]

1. c4 e6 2. d4 d5 3. Nc3 c5 4. dxc5 d4 5. Ne4 Bxc5 6. Nxc5 Qa5+ 7. Qd2 Qxc5 8. e3 Nc6 9. Nf3 dxe3 10. Qxe3 Qe7 11. Bd2 Nf6 12. Qg5 0-0 13. Be2 e5 14. 0-0 Re8 15. Bc3 Ne4 16. Qe3 Nxc3 17. Qxc3 Bg4 18. Rfe1 Qc5 19. Rad1 Nd4 20. b4 Nxe2+ 21. Rxe2 Qc7 22. h3 Bxf3 23. gxf3 Rac8 24. c5 b6 25. Rd5 bxc5 26. Rdxe5 Rxe5 27. Rxe5 Qd7 28. bxc5 Qxh3 29. c6 Qh6 30. Rb5 Qg6+ 31. Kf1 h6 32. c7 Kh7 33. Qc4 Rxc7 34. Qxc7 Qd3+ 35. Kg2 Qxb5 36. Qxa7 Qg5+ 37. Kf1 Qc1+ 1/2-1/2

[Event "Budapest FS02 FM-A"]
[Site "Budapest"]
[Date "2002.02.05"]
[Round "4"]
[White "Sebrek, Janos"]
[Black "Por, Attila"]
[Result "1/2-1/2"]
[WhiteElo "2059"]
[BlackElo "2077"]
[PlyCount "33"]
[EventDate "2002.02.02"]
[EventType "tourn"]
[EventRounds "13"]
[EventCountry "HUN"]
[SourceTitle "CBM 086 Extra"]
[Source "ChessBase"]
[SourceDate "2002.03.14"]
[SourceVersion "1"]
[SourceVersionDate "2002.03.14"]
[SourceQuality "1"]

1. d4 d5 2. c4 c6 3. cxd5 cxd5 4. Nc3 Nf6 5. Nf3 Nc6 6. Bf4 a6 7. e3 Bg4 8. Be2 e6 9. 0-0 Be7 10. Rc1 0-0 11. Re1 Rc8 12. a3 Bxf3 13. Bxf3 Na5 14. e4 dxe4 15. Nxe4 Nd5 16. Rxc8 Qxc8 17. Nd6 1/2-1/2

[Event "Budapest FS02 FM-A"]
[Site "Budapest"]
[Date "2002.02.03"]
[Round "2"]
[White "Schneider, Veronika"]
[Black "Por, Attila"]
[Result "0-1"]
[WhiteElo "2046"]
[BlackElo "2077"]
[PlyCount "42"]
[EventDate "2002.02.02"]
[EventType "tourn"]
[EventRounds "13"]
[EventCountry "HUN"]
[SourceTitle "CBM 086 Extra"]
[Source "ChessBase"]
[SourceDate "2002.03.14"]
[SourceVersion "1"]
[SourceVersionDate "2002.03.14"]
[SourceQuality "1"]

1. e4 c5 2. c3 d5 3. exd5 Qxd5 4. d4 Nc6 5. Nf3 cxd4 6. cxd4 Nf6 7. Nc3 Qd6 8. Be3 e6 9. a3 Ne7 10. Nb5 Qd8 11. Qa4 Nc6 12. Ne5 Bd7 13. Nc4 Qb8 14. g3 Nd5 15. Bg2 a6 16. Bxd5 axb5 17. Qxb5 exd5 18. Qxd5 Be6 19. Qe4 Qd8 20. Nb6 Qxb6 21. d5 Qa5+ 0-1

[Event "Tapolca Evadnyito op"]
[Site "Budapest"]
[Date "2002.01.11"]
[Round "8"]
[White "Mihok, Laszlo"]
[Black "Por, Attila"]
[Result "0-1"]
[WhiteElo "2178"]
[BlackElo "2077"]
[PlyCount "42"]
[EventDate "2002.01.04"]
[EventType "swiss"]
[EventRounds "9"]
[EventCountry "HUN"]
[SourceTitle "EXT 2004"]
[Source "ChessBase"]
[SourceDate "2003.11.25"]
[SourceVersion "1"]
[SourceVersionDate "2003.11.25"]
[SourceQuality "1"]

1. d4 d5 2. c4 c6 3. Nc3 Nf6 4. Nf3 e6 5. cxd5 exd5 6. Qc2 Be7 7. Bg5 h6 8. Bh4 Bg4 9. Ne5 Be6 10. e3 Nbd7 11. Be2 0-0 12. 0-0 Re8 13. f4 Nxe5 14. Bxf6 Nf3+ 15. Bxf3 Bxf6 16. Na4 Qa5 17. Nc5 Bc8 18. Rfe1 Bxd4 19. b4 Qxb4 20. Na6 bxa6 21. Qxc6 Bb7 0-1

[Event "Budapest FS12 FM"]
[Site "Budapest"]
[Date "2001.12.??"]
[Round "12"]
[White "Dobos, Otto"]
[Black "Por, Attila"]
[Result "0-1"]
[WhiteElo "2005"]
[BlackElo "2090"]
[PlyCount "86"]
[EventDate "2001.??.??"]
[EventType "tourn"]
[EventRounds "12"]
[EventCountry "HUN"]
[SourceTitle "EXT 2003"]
[Source "ChessBase"]
[SourceDate "2002.11.25"]
[SourceVersion "1"]
[SourceVersionDate "2002.11.25"]
[SourceQuality "1"]

1. d4 d5 2. Nf3 Nf6 3. Bf4 c5 4. e3 Nc6 5. c3 Qb6 6. Qb3 c4 7. Qc2 Bf5 8. Qc1 e6 9. Nbd2 Be7 10. h3 Be4 11. Nxe4 Nxe4 12. Nd2 Nf6 13. Be2 Qd8 14. 0-0 0-0 15. e4 Rc8 16. exd5 Nxd5 17. Bh2 b5 18. Ne4 Qb6 19. Re1 Rfd8 20. Bf1 Na5 21. Be2 b4 22. Rb1 Qc6 23. Bd1 Qa6 24. Be2 Qb6 25. Bf3 Rd7 26. Ng3 Qd8 27. Ne4 Nc6 28. Nd2 Bg5 29. Bxd5 Rxd5 30. f4 Bh4 31. Re2 Be7 32. Nf3 Qa5 33. cxb4 Nxb4 34. Qe1 Qb6 35. a3 Nd3 36. Qc3 Bf6 37. Re4 g6 38. Kf1 Bg7 39. Ng5 Rxd4 40. Qc2 Rxe4 41. Nxe4 Qd4 42. Nf2 Nxf2 43. Qxf2 Qd3+ 0-1

[Event "Budapest FS12 FM"]
[Site "Budapest"]
[Date "2001.12.??"]
[Round "13"]
[White "Por, Attila"]
[Black "Ladanyi, Gyula"]
[Result "1-0"]
[WhiteElo "2090"]
[BlackElo "2000"]
[PlyCount "73"]
[EventDate "2001.??.??"]
[EventType "tourn"]
[EventRounds "12"]
[EventCountry "HUN"]
[SourceTitle "EXT 2003"]
[Source "ChessBase"]
[SourceDate "2002.11.25"]
[SourceVersion "1"]
[SourceVersionDate "2002.11.25"]
[SourceQuality "1"]

1. e4 e5 2. Nf3 Nc6 3. Bb5 a6 4. Ba4 Nf6 5. 0-0 Be7 6. Re1 b5 7. Bb3 0-0 8. h3 d5 9. exd5 Nxd5 10. Nxe5 Nxe5 11. Rxe5 c6 12. d3 Bd6 13. Re1 Qh4 14. Qf3 Be6 15. Nd2 Rae8 16. Ne4 Qd8 17. Nxd6 Qxd6 18. Bg5 Nb4 19. Bf4 Qd7 20. Qd1 Bxb3 21. Rxe8 Rxe8 22. axb3 Qd4 23. Bd2 Nd5 24. Rxa6 c5 25. Qf3 Nc7 26. Ra7 Qe5 27. Bf4 Qe1+ 28. Kh2 Ne6 29. Bd2 Qe5+ 30. g3 f6 31. Qc6 Nd4 32. Qb7 f5 33. Bf4 Qf6 34. c3 Ne2 35. Qxb5 Rf8 36. Qxc5 g5 37. Qd5+ 1-0

[Event "Budapest FS12 FM"]
[Site "Budapest"]
[Date "2001.12.??"]
[Round "4"]
[White "Varga, Csaba"]
[Black "Por, Attila"]
[Result "1-0"]
[WhiteElo "2035"]
[BlackElo "2090"]
[PlyCount "121"]
[EventDate "2001.??.??"]
[EventType "tourn"]
[EventRounds "12"]
[EventCountry "HUN"]
[SourceTitle "EXT 2003"]
[Source "ChessBase"]
[SourceDate "2002.11.25"]
[SourceVersion "1"]
[SourceVersionDate "2002.11.25"]
[SourceQuality "1"]

1. d4 d5 2. c4 c6 3. Nf3 Nf6 4. cxd5 cxd5 5. Nc3 Nc6 6. Bf4 a6 7. Rc1 Bf5 8. Ne5 Rc8 9. e3 e6 10. Qb3 Nxe5 11. Bxe5 Qd7 12. Be2 Be7 13. 0-0 0-0 14. Na4 Rxc1 15. Rxc1 Rc8 16. Nc5 Bxc5 17. Rxc5 Ne4 18. Rxc8+ Qxc8 19. Qd1 f6 20. Bg3 a5 21. f3 Nxg3 22. hxg3 Kf7 23. Kf2 h6 24. Qb3 Qc6 25. Qc3 Qxc3 26. bxc3 Bb1 27. a3 Ba2 28. e4 Ke7 29. e5 Bc4 30. Bd1 b5 31. g4 g5 32. g3 Bd3 33. Ke3 Bc4 34. f4 Ba2 35. Bc2 Bc4 36. f5 Ba2 37. Bd3 Bc4 38. Bb1 Bb3 39. fxe6 Kxe6 40. Bf5+ Ke7 41. Bc8 Bd1 42. Bb7 Bb3 43. Bc6 Bc4 44. Bb7 Ke6 45. Bc8+ Ke7 46. Ba6 Ke6 47. exf6 Kxf6 48. a4 Ke6 49. Bxb5 Ba2 50. Kd2 Bb1 51. Bd3 Ba2 52. Kc2 Kd6 53. Kb2 Bc4 54. Bxc4 dxc4 55. Kc2 Kd5 56. Kd2 Kd6 57. Ke3 Kd5 58. Kf3 Kd6 59. Ke4 Ke6 60. d5+ Kd6 61. Kd4 1-0

[Event "Budapest FS12 FM"]
[Site "Budapest"]
[Date "2001.12.??"]
[Round "8"]
[White "Zilahi, Gabor"]
[Black "Por, Attila"]
[Result "1-0"]
[WhiteElo "2115"]
[BlackElo "2090"]
[PlyCount "53"]
[EventDate "2001.??.??"]
[EventType "tourn"]
[EventRounds "12"]
[EventCountry "HUN"]
[SourceTitle "EXT 2003"]
[Source "ChessBase"]
[SourceDate "2002.11.25"]
[SourceVersion "1"]
[SourceVersionDate "2002.11.25"]
[SourceQuality "1"]

1. Nf3 d5 2. d4 Nf6 3. e3 e6 4. Bd3 c5 5. c3 Nc6 6. Nbd2 Bd6 7. 0-0 0-0 8. Re1 e5 9. dxe5 Nxe5 10. Nxe5 Bxe5 11. Nf3 Bd6 12. b3 b6 13. Qc2 Bb7 14. Bb2 Re8 15. Bb5 Re4 16. Rad1 h6 17. Be2 Qe7 18. c4 Ng4 19. g3 dxc4 20. Rxd6 Qxd6 21. Nd2 Nxf2 22. Kxf2 Rh4 23. Nf1 Qd5 24. Rd1 Rxh2+ 25. Ke1 Qh1 26. Qxc4 Rh5 27. Bxh5 1-0

[Event "HUN-chT2 0102"]
[Site "Hungary"]
[Date "2001.09.30"]
[Round "1"]
[White "Berecz, Arpad"]
[Black "Por, Attila"]
[Result "1/2-1/2"]
[WhiteElo "2158"]
[BlackElo "2139"]
[PlyCount "87"]
[EventDate "2001.??.??"]
[EventType "team"]
[EventRounds "11"]
[EventCountry "HUN"]
[SourceTitle "EXT 2004"]
[Source "ChessBase"]
[SourceDate "2003.11.25"]
[SourceVersion "1"]
[SourceVersionDate "2003.11.25"]
[SourceQuality "1"]

1. e4 c5 2. Nf3 d6 3. d4 cxd4 4. Nxd4 Nf6 5. Nc3 g6 6. f3 Bg7 7. Be3 0-0 8. Qd2 Nc6 9. g4 e5 10. Ndb5 a6 11. Nxd6 Nd4 12. Bxd4 exd4 13. Nxc8 dxc3 14. Qxd8 Rxd8 15. Nb6 cxb2 16. Rb1 Rab8 17. Bd3 Nd7 18. Nc4 Nc5 19. Nxb2 Bxb2 20. Rxb2 Rxd3 21. Ke2 Rd4 22. c3 Rd3 23. Rc2 Rbd8 24. h4 b5 25. h5 Ne6 26. h6 g5 27. Rhc1 Nf4+ 28. Kf2 Rd2+ 29. Kf1 R8d3 30. Rxd2 Rxd2 31. c4 Rf2+ 32. Kxf2 Nd3+ 33. Ke3 Nxc1 34. cxb5 axb5 35. a3 Kf8 36. Kd2 Nb3+ 37. Kc3 Na5 38. Kb4 Nc4 39. a4 Nd6 40. a5 Ke7 41. a6 Nc8 42. Kxb5 Kd6 43. Kc4 Na7 44. e5+ 1/2-1/2

[Event "Budapest Elo"]
[Site "Budapest"]
[Date "2001.??.??"]
[Round "6"]
[White "Bustamante, Oscar"]
[Black "Por, Attila"]
[Result "1/2-1/2"]
[WhiteElo "2008"]
[BlackElo "2028"]
[PlyCount "54"]
[EventDate "2001.??.??"]
[EventType "tourn"]
[EventRounds "13"]
[EventCountry "HUN"]
[SourceTitle "EXT 2002"]
[Source "ChessBase"]
[SourceDate "2001.11.25"]
[SourceVersion "1"]
[SourceVersionDate "2001.11.25"]
[SourceQuality "1"]

1. e4 c5 2. Ne2 Nc6 3. Nbc3 g6 4. g3 Bg7 5. Bg2 e6 6. 0-0 Nge7 7. d3 0-0 8. Be3 Nd4 9. Qd2 d5 10. Rac1 b6 11. Bh6 Nxe2+ 12. Nxe2 d4 13. Bxg7 Kxg7 14. f4 Rb8 15. g4 f5 16. h3 Bb7 17. Ng3 Qc7 18. Rce1 Rf7 19. g5 Rbf8 20. exf5 exf5 21. Bxb7 Qxb7 22. Qe2 Nd5 23. Qe5+ Kg8 24. Qe6 Ne3 25. Rf2 Kg7 26. Qe5+ Kg8 27. Qe6 Kg7 1/2-1/2

[Event "Budapest Elo"]
[Site "Budapest"]
[Date "2001.??.??"]
[Round "8"]
[White "Magalotti, Andrea"]
[Black "Por, Attila"]
[Result "1-0"]
[WhiteElo "2168"]
[BlackElo "2028"]
[PlyCount "64"]
[EventDate "2001.??.??"]
[EventType "tourn"]
[EventRounds "13"]
[EventCountry "HUN"]
[SourceTitle "EXT 2002"]
[Source "ChessBase"]
[SourceDate "2001.11.25"]
[SourceVersion "1"]
[SourceVersionDate "2001.11.25"]
[SourceQuality "1"]

1. c4 e6 2. Nc3 d5 3. d4 c5 4. cxd5 exd5 5. Nf3 Nc6 6. g3 Nf6 7. Bg2 Be7 8. 0-0 0-0 9. h3 Re8 10. Be3 c4 11. Ne5 Bd6 12. f4 Qb6 13. Bf2 Be6 14. e4 dxe4 15. Nxe4 Nxe4 16. Bxe4 Nxe5 17. fxe5 Bd7 18. Qc2 Bc7 19. Bxh7+ Kh8 20. Bf5 Be6 21. Rae1 Bd5 22. Be3 g6 23. Rf4 gxf5 24. Qxf5 Re6 25. Qxf7 Rg6 26. Rh4+ Rh6 27. Rxh6+ Qxh6 28. Qxd5 Qxh3 29. Bf4 Rd8 30. Qh1 Qxh1+ 31. Kxh1 Rxd4 32. e6 Bxf4 1-0

[Event "Budapest FS09 FM"]
[Site "Budapest"]
[Date "2001.??.??"]
[Round "5"]
[White "Por, Attila"]
[Black "Harmatosi, Jozsef"]
[Result "1/2-1/2"]
[WhiteElo "2135"]
[BlackElo "2220"]
[PlyCount "82"]
[EventDate "2001.??.??"]
[EventType "tourn"]
[EventRounds "13"]
[EventCountry "HUN"]
[SourceTitle "EXT 2003"]
[Source "ChessBase"]
[SourceDate "2002.11.25"]
[SourceVersion "1"]
[SourceVersionDate "2002.11.25"]
[SourceQuality "1"]

1. d4 d5 2. Nf3 Nf6 3. e3 e6 4. Nbd2 c5 5. c3 Bd6 6. Bd3 Nc6 7. 0-0 0-0 8. dxc5 Bxc5 9. e4 dxe4 10. Nxe4 Be7 11. Nxf6+ Bxf6 12. Qe2 Qe7 13. a4 Rd8 14. a5 Bd7 15. a6 b6 16. Be4 Rac8 17. Re1 Be8 18. Bf4 Qc5 19. Nd2 e5 20. Bf5 Rc7 21. Ne4 Qe7 22. Nxf6+ Qxf6 23. Bxe5 Nxe5 24. Qxe5 Qc6 25. Rad1 Rxd1 26. Rxd1 Kf8 27. Re1 h6 28. Be4 Qd7 29. Bd5 Qe7 30. f4 Qc5+ 31. Re3 Re7 32. Qxe7+ Qxe7 33. Rxe7 Kxe7 34. c4 Kd6 35. b4 f6 36. Kf2 Bd7 37. Ke3 Bc8 38. b5 Bf5 39. Kd4 Bd7 40. g3 Bf5 41. Bf3 Be6 1/2-1/2

[Event "Budapest FS09 FM"]
[Site "Budapest"]
[Date "2001.??.??"]
[Round "2"]
[White "Por, Attila"]
[Black "Ladanyi, Gyula"]
[Result "1-0"]
[WhiteElo "2135"]
[BlackElo "2000"]
[PlyCount "114"]
[EventDate "2001.??.??"]
[EventType "tourn"]
[EventRounds "13"]
[EventCountry "HUN"]
[SourceTitle "EXT 2003"]
[Source "ChessBase"]
[SourceDate "2002.11.25"]
[SourceVersion "1"]
[SourceVersionDate "2002.11.25"]
[SourceQuality "1"]

1. e4 e5 2. Nf3 Nc6 3. Bb5 a6 4. Ba4 Nf6 5. 0-0 Be7 6. Re1 b5 7. Bb3 0-0 8. h3 d6 9. c3 Nb8 10. d4 Nbd7 11. Nbd2 Bb7 12. Bc2 Re8 13. Nf1 c5 14. d5 c4 15. Ng3 g6 16. Be3 h5 17. a4 Bf8 18. Qd2 h4 19. Nf1 Nh7 20. N1h2 Ndf6 21. Qe2 Bg7 22. Ra3 Nd7 23. Rea1 Rf8 24. axb5 axb5 25. Rxa8 Bxa8 26. Ra7 f5 27. Nxh4 f4 28. Bd2 Qxh4 29. Rxd7 Rd8 30. Qg4 Qf6 31. Rxd8+ Qxd8 32. Qxg6 Nf8 33. Qg4 Qa5 34. Qd1 Bb7 35. Nf3 Bc8 36. Ng5 Bd7 37. b4 Qd8 38. Nf3 Qf6 39. Nh2 Qg6 40. Qf3 Nh7 41. Ng4 Ng5 42. Qe2 f3 43. Qe3 Bxg4 44. Qxg5 Qxg5 45. Bxg5 Bd7 46. g4 Kf7 47. Kh2 Kg6 48. Be3 Bf6 49. Kg3 Bg5 50. Bxg5 Kxg5 51. Bd1 Be8 52. Bxf3 Bg6 53. h4+ Kf6 54. g5+ Kg7 55. h5 Be8 56. Bg4 Kg8 57. Be6+ Kg7 1-0

[Event "Budapest FS04 FM-B"]
[Site "Budapest"]
[Date "2001.??.??"]
[Round "8"]
[White "Por, Attila"]
[Black "Vehreschild, Axel"]
[Result "1/2-1/2"]
[WhiteElo "2000"]
[BlackElo "2135"]
[PlyCount "62"]
[EventDate "2001.??.??"]
[EventType "tourn"]
[EventRounds "11"]
[EventCountry "HUN"]
[SourceTitle "EXT 2003"]
[Source "ChessBase"]
[SourceDate "2002.11.25"]
[SourceVersion "1"]
[SourceVersionDate "2002.11.25"]
[SourceQuality "1"]

1. e4 c5 2. Nf3 Nc6 3. d4 cxd4 4. Nxd4 g6 5. c4 Bg7 6. Be3 Nf6 7. Nc3 0-0 8. Be2 d6 9. f3 Qb6 10. Qd2 Ng4 11. Nxc6 Nxe3 12. Nxe7+ Kh8 13. Ned5 Nxd5 14. exd5 Bd7 15. h4 Rae8 16. 0-0-0 Re3 17. Bd3 Rfe8 18. h5 g5 19. h6 Be5 20. Qc2 f5 21. Bxf5 Bf4 22. Kb1 Rxc3 23. Qxc3+ Be5 24. Qd2 Bxf5+ 25. Ka1 a5 26. Rhe1 Qd8 27. Re2 a4 28. Qb4 Bd7 29. a3 Qc7 30. Rde1 Kg8 31. Qd2 Qd8 1/2-1/2

[Event "Budapest FS04 FM-B"]
[Site "Budapest"]
[Date "2001.??.??"]
[Round "5"]
[White "Por, Attila"]
[Black "Zilahi, Gabor"]
[Result "1-0"]
[WhiteElo "2000"]
[BlackElo "2085"]
[PlyCount "91"]
[EventDate "2001.??.??"]
[EventType "tourn"]
[EventRounds "11"]
[EventCountry "HUN"]
[SourceTitle "EXT 2003"]
[Source "ChessBase"]
[SourceDate "2002.11.25"]
[SourceVersion "1"]
[SourceVersionDate "2002.11.25"]
[SourceQuality "1"]

1. e4 c6 2. d4 d5 3. exd5 cxd5 4. c4 Nf6 5. Nc3 e6 6. Nf3 Nc6 7. c5 Bd7 8. a3 Be7 9. Bd3 0-0 10. b4 a6 11. 0-0 Qc7 12. Re1 Rfe8 13. Rb1 Bf8 14. Bg5 Ne7 15. Ne5 Rad8 16. Bxf6 gxf6 17. Qh5 Ng6 18. Nxf7 Bc8 19. Bxg6 hxg6 20. Qxg6+ Bg7 21. Nxd8 Rxd8 22. h4 Qf4 23. h5 e5 24. g3 Qf5 25. dxe5 Qxg6 26. hxg6 fxe5 27. Rbd1 d4 28. Ne4 Bg4 29. Rd2 Rf8 30. Nd6 Bf3 31. a4 Rf6 32. Rd3 Bc6 33. b5 axb5 34. axb5 Bd7 35. Rb3 Rxg6 36. Nxb7 Be6 37. Ra3 Bd5 38. Ra6 Rg5 39. Ra7 e4 40. c6 e3 41. Nd6 Rh5 42. fxe3 Rh1+ 43. Kf2 Rh2+ 44. Kf1 Rc2 45. Nf5 d3 46. Ne7+ 1-0

[Event "Budapest FS09 FM"]
[Site "Budapest"]
[Date "2001.??.??"]
[Round "3"]
[White "Radnai, Adam"]
[Black "Por, Attila"]
[Result "1-0"]
[WhiteElo "2000"]
[BlackElo "2135"]
[PlyCount "47"]
[EventDate "2001.??.??"]
[EventType "tourn"]
[EventRounds "13"]
[EventCountry "HUN"]
[SourceTitle "EXT 2003"]
[Source "ChessBase"]
[SourceDate "2002.11.25"]
[SourceVersion "1"]
[SourceVersionDate "2002.11.25"]
[SourceQuality "1"]

1. e4 c5 2. Nf3 d6 3. d3 g6 4. Nbd2 Bg7 5. g3 Nc6 6. c3 e6 7. Bg2 Nge7 8. 0-0 0-0 9. Re1 b6 10. Nf1 Ba6 11. h4 d5 12. e5 Qc7 13. Bf4 Rac8 14. N1h2 Rfd8 15. Ng4 Nf5 16. Bg5 Rf8 17. Nf6+ Kh8 18. g4 h6 19. gxf5 hxg5 20. hxg5 exf5 21. Qa4 Bxf6 22. Qh4+ Kg8 23. gxf6 Nd8 24. Ng5 1-0

[Event "Budapest Elo"]
[Site "Budapest"]
[Date "2001.??.??"]
[Round "4"]
[White "Szabo, Krisztian"]
[Black "Por, Attila"]
[Result "1-0"]
[WhiteElo "2096"]
[BlackElo "2028"]
[PlyCount "69"]
[EventDate "2001.??.??"]
[EventType "tourn"]
[EventRounds "13"]
[EventCountry "HUN"]
[SourceTitle "EXT 2002"]
[Source "ChessBase"]
[SourceDate "2001.11.25"]
[SourceVersion "1"]
[SourceVersionDate "2001.11.25"]
[SourceQuality "1"]

1. Nf3 Nf6 2. c4 c5 3. g3 b6 4. Bg2 Bb7 5. 0-0 e6 6. Nc3 d6 7. d4 cxd4 8. Qxd4 Nbd7 9. Nb5 d5 10. Bf4 Bc5 11. Nd6+ Bxd6 12. Bxd6 Rc8 13. cxd5 Bxd5 14. Rac1 Nc5 15. Bxc5 bxc5 16. Rxc5 0-0 17. a3 Qe7 18. Rfc1 Rxc5 19. Qxc5 Qb7 20. b4 Qa6 21. b5 Qb7 22. a4 Ne4 23. Qc7 Qa8 24. Ne5 Nf6 25. Nc6 Kh8 26. Bxd5 Nxd5 27. Qxa7 Qc8 28. Qc5 Qa8 29. Na7 Rb8 30. Qc8+ Rxc8 31. Rxc8+ Qxc8 32. Nxc8 Kg8 33. a5 Nc7 34. a6 Nxb5 35. a7 1-0